Rosco de Pasapalabra #17 - Estadísticas

Estadísticas generales
  • Esta prueba ha sido intentada 724 veces
  • La puntuación promedio es 14 de 25
Estadísticas de respuestas
Inicial Definición Respuesta % Correcto
A Pliegue irregular que se hace en la ropa o en cualquier tela Arruga
93%
G Mano o pie de un animal cuando está provisto de uñas curvas, fuertes y agudas, como en el león y el águila Garra
92%
N Última noche del año Nochevieja
90%
C Conjunto de ramas y hojas que forma la parte superior de un árbol Copa
88%
D Unidad de intensidad acústica que equivale a la décima parte de un belio Decibelio
88%
J Variedad de chile, de color verde oscuro, más bien pequeño y muy picante, que suele tomarse encurtido Jalapeño
83%
L Ave rapaz nocturna, de ojos grandes y brillantes, más pequeña que el búho Lechuza
79%
Contiene la Ñ Parte de un miembro cortado o amputado que permanece adherida al cuerpo Muñón
74%
V Cada uno de los trozos breves en que se dividen la Biblia o el Corán Versículo
74%
E Arte de modelar o tallar figuras en tres dimensiones en algunos materiales, como piedra, madera o metal Escultura
70%
B Alteración atmosférica, especialmente en el mar, con viento, lluvia y relámpagos Borrasca
68%
O Fragilidad de los huesos producida por su descalcificación, con formación de poros y disminución de densidad Osteoporosis
68%
F Fruto comestible y dulces, como la manzana, el melocotón o la fresa Fruta
67%
S Se dice de la persona que no siente duda Seguro
67%
Contiene la X Echar a una persona de un lugar Expulsar
63%
Z Elemento químico metálico, de símbolo Zn Zinc
63%
Contiene la Y País asiático con capital en Bakú Azerbaiyán
49%
P Registro administrativo de los vecinos de un municipio Padrón
48%
I Introducir en un organismo una sustancia que contiene los gérmenes de una enfermedad Inocular
38%
T Recipiente de vidrio o porcelana, generalmente cilíndrico y más alto que ancho Tarro
32%
R Colección de escritos diversos Recopilación
14%
Contiene la Q Espina dorsal de un pez Esquena
1%
H Adorno que llevaban las mujeres en la cabeza Hurraco
1%
M Nombre del marquesado creado por Felipe IV de España, en favor del político Pedro de Toledo y Leyva Mancera
1%
U Apellido del compositor autor de la música de la zarzuela Las Golondrinas Usandizaga
1%
No se encontraron pruebas coincidentes
Distribución de puntuación
Porcentaje de gente con cada puntuación
Porcentaje por número respondido
Historial de tus puntuaciones
No has intentado esta prueba.